Rozpoznaj wieżowiec po zdjęciu - Statystyki

Ogólne statystyki
  • Ten quiz został rozwiązany 64 razy
  • Średni wynik to 8 z 16
Statystyki odpowiedzi
Obrazkowy Odpowiedź % Poprawnych
Pałac Kultury i Nauki
100%
Złota 44
77%
Sky Tower
71%
Varso Tower
68%
Warsaw Spire
59%
Rondo 1
46%
Intercontinental
43%
Olivia Star
41%
Q22
41%
KTW
39%
Sea Towers
38%
Warsaw Trade Tower
34%
Centrum LIM
32%
Skyliner
30%
Warsaw Unit
27%
Altus
20%
Nie znaleziono quizów pasujących do podanych kryteriów
Rozkład punktacji
Procent ludzi z każdym wynikiem
Percentyl według liczby udzielonych odpowiedzi
Twoja historia wyników
Nie rozwiązałeś tego quizu